| 000 | 01039cam a2200325Ia 4500 | ||
|---|---|---|---|
| 001 | 40568 | ||
| 005 | 20230410105118.0 | ||
| 008 | 030520s2001 ht ab b 000 0 fre d | ||
| 035 | _a(OCoLC)ocm52282972 | ||
| 040 |
_aNYP _cNYP |
||
| 020 | _a9993562009 | ||
| 020 | _a9789993562009 | ||
| 035 | _a(OCoLC)52282972 | ||
| 043 | _anwht--- | ||
| 082 | 4 | _a972.94 | |
| 050 | 1 | 4 | _aCEH |
| 100 | 1 | _aOriol, Michele. | |
| 245 | 1 | 0 |
_aHistoire et education civique / _cMichele Oriol avec la collabration de Corinne Wieser. |
| 260 |
_aPort-au-Prince : _bFondation pour la recherche iconographique et documentaire, _c2001. |
||
| 300 |
_a367 p. : _bill., map ; _c23 cm. |
||
| 504 | _aIncludes bibliographical references (p. 251-367). | ||
| 651 | 0 |
_aHaiti _xHistory. |
|
| 651 | 0 |
_aHaiti _xHistory _yTo 1791. |
|
| 651 | 0 |
_aHaiti _xHistory _yRevolution, 1791-1804. |
|
| 651 | 0 |
_aHaiti _xHistory _vComic books, strips, etc. |
|
| 650 | 0 |
_aCivics _xStudy and teaching _zHaiti. |
|
| 700 | 1 | _aWieser, Corinne. | |
| 942 |
_2lcc _cbk |
||
| 994 |
_aC0 _bDRFGD |
||
| 999 |
_c30301 _d30301 |
||